Les compositeurs russe de musique classique - Statistiques

Statistiques générales
  • Ce quiz a été pris 135 fois
  • Le résultat moyen est 4 sur 7
Statistiques - réponses
Oeuvre Compositeur % Correct
Swan Lake Op. 20 Act 2 No. 10 : Swan Theme, Swan Lake Op. 20 Act 2 No. 13 : Dance of the little swans, 1812 ouverture, Marche slave, Valse sentimentale, The sleeping beauty : Waltz, The Nutcracker Op. 71 Act 2 No. 14b : Dance of the Sugar-Plum Fairy, Symphony No. 5 in E minor Op. 64. Piotr Ilitch Tchaïkovski
91%
Romeo and Juliet : Dance of the knights, Peter and the woolf : March, Battle on ice, Piano concerto No. 3 Op. 26. Sergei Prokofiev
83%
Le Sacre du printemps : ouverture. Igor Stravinsky
70%
Waltz No. 2, Piano concerto No. 2 Op. 102 in F major, Symphony No. 5. Dmitri Shostakovitch
66%
Rhapsodie sur un thème de Paganini, Piano concerto No.2 in C minor Op.18, Le Petit Chaperon rouge,Liebesleid (Love's sorrow) , Vocalise Op. 34 No. 14, Prelude in C-Sharp Op. 3 No. 2. Sergueï Rachmaninov
60%
Scheherazade the story of the kalandar prince, Flight of the bumblebee. Nikolaï Rimski-Korsakov
58%
Une nuit sur le mont Chauve Modest Mussorgsky
22%
Aucun quiz correspondant
Distribution des résultats
% des personnes avec chaque résultat
Percentile par nombre de réponses
Votre historique - résultats
Vous n’avez pas pris ce quiz